000 00751nam a22002057a 4500
999 _c6149
_d6149
005 20260318091858.0
008 260318b ||||| |||| 00| 0 eng d
020 _a9781509830404
040 _cKH8
082 _a823.914
100 _aDonaldson,Julia
_eAuthor
245 _aTHE GRUFFALO'S CHILD
260 _aThe Smithson,6 Briset Street,London EC1M 5NR
_bMacmillan Children's Books
_c2004
300 _a14 pages
_bcolour illustration
_c15cm x 19cm
520 _aOne wild and windy night the Gruffalo's Child tiptoes out into the snow. She's not scared. After all, the Big Bad Mouse doesn't really exist...does he?-Publisher-
650 _aJuvenile Literature
_vCreatures
655 _aRhyme
655 _aChildren's Literature
942 _2ddc
_cFIC